<?xml version="1.0" encoding="UTF-8"?>
<record
    xmlns:xsi="http://www.w3.org/2001/XMLSchema-instance"
    xsi:schemaLocation="http://www.loc.gov/MARC21/slim http://www.loc.gov/standards/marcxml/schema/MARC21slim.xsd"
    xmlns="http://www.loc.gov/MARC21/slim">

  <leader>03058nam a2200541Ia 4500</leader>
  <controlfield tag="001">795</controlfield>
  <controlfield tag="008">241029s9999    xx            000 0 und d</controlfield>
  <datafield tag="010" ind1=" " ind2=" ">
    <subfield code="a">718</subfield>
  </datafield>
  <datafield tag="041" ind1=" " ind2=" ">
    <subfield code="a">Espa&#xF1;ol</subfield>
  </datafield>
  <datafield tag="082" ind1=" " ind2=" ">
    <subfield code="a">NO APLICA</subfield>
  </datafield>
  <datafield tag="245" ind1=" " ind2="0">
    <subfield code="a">Relaci&#xF3;n existente entre los traumas de la infancia y la decisi&#xF3;n por la Carrera de Psicolog&#xED;a en los estudiantes de la Universidad Adventista Dominicana en el Primer Semestre Enero-Mayo, a&#xF1;o 2012</subfield>
  </datafield>
  <datafield tag="260" ind1=" " ind2=" ">
    <subfield code="a">Monse&#xF1;or Nouel</subfield>
  </datafield>
  <datafield tag="300" ind1=" " ind2=" ">
    <subfield code="a">118</subfield>
  </datafield>
  <datafield tag="520" ind1=" " ind2=" ">
    <subfield code="a">6</subfield>
  </datafield>
  <datafield tag="630" ind1=" " ind2=" ">
    <subfield code="a">Orientaci&#xF3;n Educativa</subfield>
  </datafield>
  <datafield tag="630" ind1=" " ind2=" ">
    <subfield code="a">Psicolog&#xED;a</subfield>
  </datafield>
  <datafield tag="650" ind1=" " ind2=" ">
    <subfield code="a">Elecci&#xF3;n de Estudios</subfield>
  </datafield>
  <datafield tag="690" ind1=" " ind2=" ">
    <subfield code="a">Copiado sin cambios</subfield>
  </datafield>
  <datafield tag="700" ind1=" " ind2=" ">
    <subfield code="e">asesor</subfield>
    <subfield code="a">Salcedo Jorge, Lino </subfield>
  </datafield>
  <datafield tag="700" ind1=" " ind2=" ">
    <subfield code="e">autor</subfield>
    <subfield code="a">Adames , Sorangel</subfield>
  </datafield>
  <datafield tag="700" ind1=" " ind2=" ">
    <subfield code="e">autor</subfield>
    <subfield code="a">Elsevyf, Jocelyn</subfield>
  </datafield>
  <datafield tag="901" ind1=" " ind2=" ">
    <subfield code="a">{"1":"Adames ","2":"Elsevyf"}</subfield>
    <subfield code="b">{"1":"Sorangel","2":"Jocelyn"}</subfield>
  </datafield>
  <datafield tag="902" ind1=" " ind2=" ">
    <subfield code="a">1</subfield>
  </datafield>
  <datafield tag="903" ind1=" " ind2=" ">
    <subfield code="a">{"1":"Salcedo Jorge"}</subfield>
    <subfield code="b">{"1":"Lino "}</subfield>
  </datafield>
  <datafield tag="904" ind1=" " ind2=" ">
    <subfield code="a">Mag&#xED;ster en</subfield>
  </datafield>
  <datafield tag="905" ind1=" " ind2=" ">
    <subfield code="a">Docencia Universitaria</subfield>
  </datafield>
  <datafield tag="906" ind1=" " ind2=" ">
    <subfield code="a">2</subfield>
  </datafield>
  <datafield tag="907" ind1=" " ind2=" ">
    <subfield code="a">NO APLICA</subfield>
  </datafield>
  <datafield tag="908" ind1=" " ind2=" ">
    <subfield code="a">NO APLICA</subfield>
  </datafield>
  <datafield tag="909" ind1=" " ind2=" ">
    <subfield code="a">Universidad Adventista Dominicana (UNAD)</subfield>
  </datafield>
  <datafield tag="910" ind1=" " ind2=" ">
    <subfield code="a">NULL</subfield>
    <subfield code="b">NULL</subfield>
  </datafield>
  <datafield tag="911" ind1=" " ind2=" ">
    <subfield code="a">["1"]</subfield>
  </datafield>
  <datafield tag="912" ind1=" " ind2=" ">
    <subfield code="a">NO APLICA</subfield>
  </datafield>
  <datafield tag="913" ind1=" " ind2=" ">
    <subfield code="a">NULL</subfield>
  </datafield>
  <datafield tag="914" ind1=" " ind2=" ">
    <subfield code="a">01 de Agosto de 2012</subfield>
  </datafield>
  <datafield tag="915" ind1=" " ind2=" ">
    <subfield code="a">01/10/14 11:10</subfield>
  </datafield>
  <datafield tag="916" ind1=" " ind2=" ">
    <subfield code="a">NULL</subfield>
  </datafield>
  <datafield tag="917" ind1=" " ind2=" ">
    <subfield code="a">NULL</subfield>
  </datafield>
  <datafield tag="918" ind1=" " ind2=" ">
    <subfield code="a">NO APLICA</subfield>
  </datafield>
  <datafield tag="919" ind1=" " ind2=" ">
    <subfield code="a">["148","172"]</subfield>
  </datafield>
  <datafield tag="520" ind1=" " ind2=" ">
    <subfield code="a">El presente estudio tiene como prop&#xF3;sito general, relacionar los traumas de la infancia y la elecci&#xF3;n de la carrera de psicolog&#xED;a, en los estudiantes de esta carrera de la Universidad Adventista Dominicana, extensi&#xF3;n Santo Domingo (UNAD).Las sustentantes se formularon las siguientespreguntas: &#xBF;Existe alguna relaci&#xF3;n entre trauma de la infancia y la elecci&#xF3;n de carrera de los estudiantes de psicolog&#xED;a de la UNAD extensi&#xF3;n Santo Domingo? &#xBF;Cu&#xE1;les son los traumas de la infancia en los estudiantes de psicolog&#xED;a de la UNAD extensi&#xF3;n Santo Domingo? &#xBF;Cuales son los motivos de elecci&#xF3;n de la carrera de psicolog&#xED;a en los estudiantes de psicolog&#xED;a de la UNAD extensi&#xF3;n SantoDomingo? &#xBF;Tiene la UNAD extensi&#xF3;n Santo Domingo, un programa de orientaci&#xF3;n vocacional para los estudiantes de nuevo ingreso? &#xBF;Qu&#xE9; orientaci&#xF3;n vocacional reciben los estudiantes de psicolog&#xED;a en la UNAD extensi&#xF3;n Santo Domingo?Se aplic&#xF3; un cuestionario de 26 preguntas a los estudiantes de psicolog&#xED;a y se aplic&#xF3; el Test Kuder forma C.&#xA0; Para obtener las informaciones, se utiliz&#xF3; lat&#xE9;cnica descriptiva y comparativa.&#xA0; La poblaci&#xF3;n seleccionada fue 100 personas que constituye el 39% del total de los estudiantes de psicolog&#xED;a del primer semestre en el a&#xF1;o 2012, para la aplicaci&#xF3;n del cuestionario y a 40 se les aplic&#xF3; el Test Vocacional Kunder que corresponde al 16% de la facultad de psicolog&#xED;a.Los resultados de esta investigaci&#xF3;n revelan que la mayor&#xED;a de los encuestados dicen que eligi&#xF3; la carrera de psicolog&#xED;a para ayudarse a s&#xED; mismo y a otros.</subfield>
  </datafield>
  <datafield tag="921" ind1=" " ind2=" ">
    <subfield code="a">28</subfield>
  </datafield>
  <datafield tag="922" ind1=" " ind2=" ">
    <subfield code="a">28</subfield>
  </datafield>
  <datafield tag="923" ind1=" " ind2=" ">
    <subfield code="a">0</subfield>
  </datafield>
  <datafield tag="924" ind1=" " ind2=" ">
    <subfield code="a">NO APLICA</subfield>
  </datafield>
  <datafield tag="942" ind1=" " ind2=" ">
    <subfield code="c">Tesis</subfield>
  </datafield>
  <datafield tag="999" ind1=" " ind2=" ">
    <subfield code="c">718</subfield>
    <subfield code="d">718</subfield>
  </datafield>
</record>
